| 000 | 00970nam a2200277Ia 4500 | ||
|---|---|---|---|
| 003 | OSt | ||
| 005 | 20251010160134.0 | ||
| 008 | 220922b |||||||| |||| 00| 0 hin d | ||
| 020 | _a9788179171332 (hbk) | ||
| 037 | _cTextual | ||
| 040 |
_aARTS _cARTS _bhin |
||
| 041 |
_2hin _ahin |
||
| 100 |
_aगोल्डिंग, पीटर _9160160 |
||
| 245 | 0 | _aजनमाध्यम / | |
| 246 | _aJanamādhyama | ||
| 260 |
_aनयी दिल्ली: _b ग्रंथ शिल्पी, _c2010. |
||
| 300 | _a155 पृ. | ||
| 650 |
_aहिन्दी पत्रकारिता _9848080 |
||
| 700 |
_aसिंह, सुधा _eअनु. _9848081 |
||
| 942 |
_h40aY, 152Q0 _cTEXL _2CC _n0 |
||
| 999 |
_c298126 _d298126 |
||